000 00331nam a2200121 a 4500
005 20140414131854.0
008 100817s19uu xx 00 eng d
050 _aM 793.73
_bM17 2008
100 _aMcGill, Nancy
245 _aThe Hunchback of Notre Dame :
_bLook and Find.
260 _aIllinois :
_bDisney,
_c1996.
999 _c110365
_d110365